[Event "Montreal International"]
[Site "Montreal"]
[Date "1979.04.29"]
[Round "14"]
[White "Ljubojevic, Ljubomir"]
[Black "Timman, Jan H"]
[Result "1/2-1/2"]
[WhiteElo "2590"]
[BlackElo "2625"]
[Annotator "ChessBase"]
[PlyCount "80"]
[EventDate "1979.04.11"]
[EventType "tourn"]
[EventRounds "18"]
[EventCountry "CAN"]
[EventCategory "15"]
[SourceTitle "MCL"]
[Source "ChessBase"]
[SourceDate "1999.07.01"]
[SourceVersion "1"]
[SourceVersionDate "1999.07.01"]
[SourceQuality "1"]

1. e4 c5 2. Nf3 e6 3. d4 cxd4 4. Nxd4 Nf6 5. Nc3 d6 6. g4 h6 7. h4 Be7 8. Qf3 (
8. Rg1 d5 9. Bb5+ Kf8 10. exd5 Nxd5 11. Bd2 {main line}) 8... h5 (8... Nc6 9.
Bb5 Bd7 10. Bxc6 Bxc6 11. g5 Nd7 12. gxh6 {Ljubojevic,L-Timman,J/Tiburg/1985/
1-0/34/}) (8... Nfd7 9. Qg3 Nc6 10. Be3 a6 11. O-O-O Qc7 12. Kb1 b5 13. Bg2 Bb7
14. g5 {Ljubojevic,L-Timman,J/Brussels/1986/1-0/41/}) 9. gxh5 (9. g5 $6 Ng4 10.
Bh3 Qb6 11. Nb3 Nc6 $132) 9... Nxh5 (9... Nc6 10. Bb5 Bd7 11. Bxc6 bxc6 12. e5
{Ljubojevic,L-Timman,J/Bugojno/1986/1-0/}) 10. Bg5 Nc6 (10... Bxg5 11. hxg5
Qxg5 $2 12. Ndb5 $18) 11. O-O-O (11. Nxc6 $5 bxc6 12. O-O-O Bxg5+ 13. hxg5
Qxg5+ 14. Kb1 Ke7 15. Be2 g6 16. Rxd6 Kxd6 17. Qxf7 $18 a5 18. Rd1+ Ke5 (18...
Kc5 19. Na4+ Kb4 20. Rd4#) 19. Bxh5 $1 Rxh5 20. f4+ Qxf4 21. Qg7+ Qf6 22. Qc7#
{Sobura-Pieniazek/POL/1988/}) 11... Bxg5+ $5 12. hxg5 Qxg5+ 13. Kb1 Nxd4 14.
Rxd4 Bd7 15. Rxd6 Bc6 16. Rxc6 $6 (16. Be2 $14 {Ljubojevic,L-Najdorf,M/Buenos
Aires/1980/} g6 $6 (16... a6 $5)) 16... bxc6 17. e5 Rd8 $1 $15 (17... Rc8 $6
18. Ba6 Rc7 19. Nb5 $40 cxb5 20. Bxb5+ Ke7 (20... Kf8 21. Qa8+ $18) 21. Qa3+
Kd8 22. Rd1+ Kc8 23. Ba6+ Kb8 24. Qb4+ Ka8 25. Qe4+ {Draw or more?}) (17...
Qxe5 18. Qxc6+ Ke7 19. Qb7+ Kf6 20. Ne4+ $40) 18. Qxc6+ Kf8 19. Qc5+ $1 Kg8 20.
Bc4 Nf4 21. Re1 (21. Rxh8+ $5 Kxh8 22. a4 Ng6 23. Qxa7 Nxe5 24. Be2) 21... Ng2
$1 22. Rf1 (22. Rg1 $2 Ne3 $1 $19) 22... Rh5 23. Qc7 Rf8 24. Qxa7 Qxe5 25. a4
Nf4 26. Rd1 Rc8 27. Rd4 $1 (27. Bb3 $2 Rxc3 $1 28. bxc3 Ne2 $17) 27... Rh1+ 28.
Ka2 Re1 29. Qd7 Rb8 30. Qd6 Nd5 31. Qxe5 (31. Nxd5 $2 Rxb2+ $1 $19 (31... Qxd6
$2 32. Nf6+ gxf6 33. Rxd6 $13)) 31... Nxc3+ 32. bxc3 Rxe5 33. Bb5 $1 Rf5 34.
Rd2 Rc5 $6 (34... Rg5) (34... Kf8) (34... Rfxb5) 35. Kb3 Rc7 36. Kb4 Kf8 37. a5
(37. c4 $5 Ke7 38. a5 Rd8 39. Rxd8 Kxd8 40. a6) 37... Rxc3 $6 (37... Ke7 $5)
38. Kxc3 Rxb5 39. Rd8+ Ke7 40. Ra8 Kd6 1/2-1/2

[Event "Amsterdam Euwe Memorial"]
[Site "Amsterdam"]
[Date "1989.??.??"]
[Round "2"]
[White "Timman, Jan H"]
[Black "Salov, Valery"]
[Result "1-0"]
[WhiteElo "2610"]
[BlackElo "2630"]
[Annotator "ChessBase"]
[PlyCount "91"]
[EventDate "1989.03.??"]
[EventType "tourn"]
[EventRounds "6"]
[EventCountry "NED"]
[EventCategory "16"]
[SourceTitle "CBM 012"]
[Source "ChessBase"]
[SourceDate "1989.10.01"]
[SourceVersion "1"]
[SourceVersionDate "1989.10.01"]
[SourceQuality "1"]

1. e4 c5 2. Nf3 d6 3. d4 cxd4 4. Nxd4 Nf6 5. Nc3 e6 6. g4 h6 7. g5 hxg5 8. Bxg5
Nc6 9. Qd2 Qb6 10. Nb3 a6 11. O-O-O Bd7 12. h4 Rc8 $5 13. Rh3 Qc7 14. f4 b5 15.
Bg2 b4 16. Ne2 e5 17. Re3 $6 {>= 17.f5!} Be6 $6 (17... Ng4 $5 {/\ 18...f6}) 18.
Kb1 a5 19. Nbc1 a4 20. b3 Nh7 21. f5 Bd7 22. Rg3 Nf6 23. Nd3 Rb8 24. Bf3 Qb7
25. h5 Na7 26. h6 Rxh6 27. Bxh6 gxh6 28. Nf2 Nb5 29. Ng4 Nxg4 30. Rxg4 axb3 31.
cxb3 Bxf5 32. exf5 Qxf3 33. Rg3 Qxf5+ 34. Ka1 e4 35. Qxb4 Qe5+ 36. Kb1 f5 37.
a4 d5 38. Rg8 Kf7 39. Rxf8+ Rxf8 40. Qxb5 Rb8 41. Qd7+ Kf6 42. Nd4 e3 43. Rg1
Qe4+ 44. Ka2 Ke5 45. Qg7+ Kd6 46. Qf6+ 1-0

[Event "Reykjavik"]
[Site "Reykjavik"]
[Date "1987.??.??"]
[Round "8"]
[White "Timman, Jan H"]
[Black "Portisch, Lajos"]
[Result "1-0"]
[WhiteElo "2590"]
[BlackElo "2610"]
[Annotator "ChessBase"]
[PlyCount "77"]
[EventDate "1987.02.19"]
[EventType "tourn"]
[EventRounds "11"]
[EventCountry "ISL"]
[EventCategory "14"]
[SourceTitle "CBM 002"]
[Source "ChessBase"]
[SourceDate "1988.02.01"]
[SourceVersion "1"]
[SourceVersionDate "1988.02.01"]
[SourceQuality "1"]

1. e4 c5 2. Nf3 d6 3. d4 cxd4 4. Nxd4 Nf6 5. Nc3 a6 6. Be3 e6 7. g4 e5 8. Nf5
g6 9. g5 gxf5 10. exf5 d5 11. Qf3 Bd7 $6 12. O-O-O Bc6 13. Qe2 $8 Bb4 (13... d4
$6 14. Bxd4 $1 $18) (13... Nfd7 14. Nxd5 $16) 14. Bd4 $1 (14. gxf6 $6 Bxc3 15.
bxc3 Nd7 $17) 14... Ne4 15. Bxe5 Bxc3 16. Bxc3 Qxg5+ 17. Kb1 Rg8 (17... O-O $2
18. Bd4 Re8 19. h4 $1 {/\} Nd2+ 20. Qxd2 Qxd2 21. Rg1+ Kf8 22. Bc5+ $18) 18. f3
Nd7 19. fxe4 dxe4 20. h4 Qf4 21. Bd2 Qe5 $2 (21... Qf3 $1 $8 22. Qxf3 $1 exf3
23. Bc4 $1 $16) 22. Bg5 $1 $18 f6 23. Qh5+ Kd8 24. Bc4 Rg7 25. Be3 Kc7 26. Qh6
$1 Rg4 (26... Qe7 27. Bf4+) 27. Be2 Qxf5 28. Rhf1 Qe6 29. Bxg4 Qxg4 30. Bf4+
Kb6 31. Be3+ Kc7 32. Qxh7 Rf8 33. h5 Qe6 34. Qf5 $1 Qxf5 35. Rxf5 Kd8 36. Rg1
Ke7 37. h6 Rf7 38. Rh5 Rh7 39. Rh3 $1 1-0

[Event "Reggio Emilia-A 8889 31st"]
[Site "Reggio Emilia"]
[Date "1988.??.??"]
[Round "?"]
[White "Sax, Gyula"]
[Black "Ehlvest, Jaan"]
[Result "1-0"]
[WhiteElo "2600"]
[BlackElo "2580"]
[Annotator "ChessBase"]
[PlyCount "51"]
[EventDate "1988.12.??"]
[EventType "tourn"]
[EventRounds "9"]
[EventCountry "ITA"]
[EventCategory "14"]
[SourceTitle "CBM 011"]
[Source "ChessBase"]
[SourceDate "1989.08.01"]
[SourceVersion "1"]
[SourceVersionDate "1989.08.01"]
[SourceQuality "1"]

1. e4 c5 2. Nf3 e6 3. d4 cxd4 4. Nxd4 Nf6 5. Nc3 d6 6. g4 Be7 7. g5 Nfd7 8. h4
Nc6 9. Be3 O-O 10. Qh5 d5 $6 (10... a6 11. O-O-O Nxd4 12. Bxd4 b5 $13) 11.
O-O-O dxe4 12. Nxe4 Qa5 13. Nxc6 bxc6 14. Bd4 $1 e5 15. Bc3 Qxa2 16. Rxd7 $1
Bxd7 17. Nf6+ $1 Bxf6 (17... gxf6 18. gxf6 Bxf6 19. Rg1+ Bg7 (19... Kh8 20. Bd3
$18) 20. Qh6 $18) 18. gxf6 Qa1+ (18... gxf6 $2 19. Rg1+ Kh8 20. Qh6 $18) (18...
Rfd8 $5 19. Bd3 $1 $40 (19. Qg5 $2 Qa1+ 20. Kd2 Qd1+ $1 21. Ke3 (21. Kxd1 Bg4+
22. Ke1 Rd1#) 21... Qg4 $17)) (18... Qe6 $1 $14 19. Bh3 Qxf6 20. Bxd7 $14) 19.
Kd2 Qa4 20. b4 $1 Rfd8 21. Bd3 gxf6 22. Ra1 Qb5 23. Qxh7+ Kf8 24. Qh6+ $1 Ke7
25. Bxb5 cxb5 26. Qe3 1-0

[Event "Leon"]
[Site "Leon"]
[Date "1996.??.??"]
[Round "3"]
[White "Leko, Peter"]
[Black "Polgar, Judit"]
[Result "1/2-1/2"]
[WhiteElo "2625"]
[BlackElo "2675"]
[Annotator "ChessBase"]
[PlyCount "71"]
[EventDate "1996.06.??"]
[EventType "tourn"]
[EventRounds "6"]
[EventCountry "ESP"]
[EventCategory "17"]
[SourceTitle "CBM 054"]
[Source "ChessBase"]
[SourceDate "1996.10.01"]
[SourceVersion "1"]
[SourceVersionDate "1996.10.01"]
[SourceQuality "1"]

1. e4 c5 2. Nf3 d6 3. d4 cxd4 4. Nxd4 Nf6 5. Nc3 a6 6. Be3 e6 7. g4 h6 8. f4
Qb6 9. a3 Nc6 10. Be2 Qc7 11. Nb3 b5 12. Bf3 Bb7 13. Qe2 O-O-O 14. O-O-O Be7
15. h4 Nd7 16. g5 g6 17. Kb1 h5 18. Qf2 Kb8 19. Rhe1 Rhe8 20. a4 bxa4 21. Nxa4
Bf8 22. Nb6 $2 (22. Rd2 $142 $16) 22... Nc5 23. Nxc5 dxc5 24. Nc4 Na5 25. Ne5
Kc8 26. Bd2 Nc6 27. Bc3 Nxe5 28. Bxe5 Bd6 29. Bxd6 Rxd6 30. Rxd6 Qxd6 31. e5
Qd4 32. Qxd4 cxd4 33. Be2 Kc7 34. b3 Rd8 35. Kb2 Kb6 36. Bd3 1/2-1/2

[Event "URS-ch51 Final"]
[Site "Lvov"]
[Date "1984.04.21"]
[Round "13"]
[White "Mikhalchishin, Adrian"]
[Black "Sokolov, Andrei"]
[Result "0-1"]
[WhiteElo "2480"]
[BlackElo "2495"]
[Annotator "ChessBase"]
[PlyCount "80"]
[EventDate "1984.04.03"]
[EventType "tourn"]
[EventRounds "17"]
[EventCountry "URS"]
[EventCategory "10"]
[SourceTitle "URS-ch"]
[Source "ChessBase"]
[SourceDate "1999.07.01"]
[SourceVersion "1"]
[SourceVersionDate "1999.07.01"]
[SourceQuality "1"]

1. e4 c5 2. Nf3 e6 3. d4 cxd4 4. Nxd4 Nf6 5. Nc3 d6 6. g4 h6 7. h4 Nc6 8. Rg1
h5 9. g5 Ng4 10. Be2 Qb6 11. Bxg4 Nxd4 12. Be2 Nxe2 13. Qxe2 Bd7 14. Rg3 Rc8
15. Rd3 Bb5 16. Nxb5 Qxb5 17. c3 Be7 18. Bf4 O-O 19. O-O-O Rc6 20. Kb1 Rfc8 21.
Qd2 Ra6 22. f3 Rcc6 23. b3 Rc8 24. Rc1 Rac6 25. Kb2 Bf8 26. a4 Qb6 27. c4 g6
28. Ka2 a6 29. Rd1 {[#]} d5 30. Be3 (30. exd5 exd5 31. Rxd5 Rxc4 32. bxc4 Rxc4
33. Rd4 Qc5 34. Kb1 (34. Rxc4 Qxc4+ 35. Kb2 Bg7+ 36. Kb1 Qb3+ 37. Kc1 Qc4+ $11)
34... Qf5+ 35. Re4 Rxe4 36. fxe4 Qxe4+ 37. Kb2 $14 Qxa4 38. Bd6 Bg7+ 39. Kc1)
30... Qc7 31. exd5 exd5 32. Rxd5 b5 33. Rd7 Qe5 34. Bd4 Qe6 35. Bb2 bxc4 36.
Qd4 c3 37. Bc1 Qe2+ 38. Ka1 Bg7 39. Rd8+ Kh7 40. Rxc8 Rxc8 0-1

[Event "Rubinstein Memorial 32nd"]
[Site "Polanica Zdroj"]
[Date "1995.??.??"]
[Round "11"]
[White "Smirin, Ilia"]
[Black "Markowski, Tomasz"]
[Result "0-1"]
[WhiteElo "2630"]
[BlackElo "2530"]
[Annotator "Dolmatov,S"]
[PlyCount "80"]
[EventDate "1995.08.??"]
[EventType "tourn"]
[EventRounds "11"]
[EventCountry "POL"]
[EventCategory "14"]
[SourceTitle "CBM 049"]
[Source "ChessBase"]
[SourceDate "1995.12.01"]
[SourceVersion "1"]
[SourceVersionDate "1995.12.01"]
[SourceQuality "1"]

1. e4 c5 2. Nf3 e6 3. d4 cxd4 4. Nxd4 Nf6 5. Nc3 d6 6. g4 Nc6 $6 (6... h6) 7.
g5 Nd7 8. Be3 Be7 9. h4 O-O 10. f4 d5 (10... a6 11. Qd2 Nxd4 12. Bxd4 b5 13. a3
Bb7 14. O-O-O e5 15. Be3 exf4 16. Bxf4 $14) 11. exd5 (11. e5 a6 12. Qd2 Nxd4
13. Bxd4 b5 14. h5 $40) 11... exd5 12. Qd2 (12. Nxd5 $6 Qa5+ 13. Nc3 Re8 $44) (
12. Qf3 $5 Nb6 13. O-O-O $40) 12... Nb6 13. O-O-O $6 (13. Rg1 $5 Re8 14. O-O-O
Na5 15. b3 Bb4 16. Bf2 $14) 13... Bg4 14. Re1 Qd7 15. f5 (15. h5 Rad8 16. h6 g6
(16... Nc4 $2 17. Bxc4 dxc4 18. hxg7 Kxg7 19. Qh2) 17. Nxc6 bxc6 18. Qd4 f6)
15... Rfe8 $1 (15... Bxf5 $2 16. Nxf5 Qxf5 17. Bh3 Qg6 18. h5 $16) (15... Nxd4
16. Bxd4 Bxf5 17. Bb5 $44 (17. Bxb6 $2 axb6 18. Nxd5 Rxa2 $1 $17)) 16. Rg1 Bh5
(16... Bxf5 $2 17. Nxf5 Qxf5 18. Bd3 Qd7 19. Bxb6 axb6 20. Nxd5 Rxa2 21. Kb1
$40) 17. Bb5 Bf8 18. f6 $6 (18. Nce2 $5 Nc4 19. Bxc4 dxc4 20. Nf4 $40) 18...
Nc4 19. Bxc4 dxc4 20. fxg7 Bxg7 21. Ndb5 Qxd2+ 22. Bxd2 Bg6 23. Nd5 (23. Nd6
Rxe1+ 24. Rxe1 Nd4 25. Nd5 Bxc2 26. h5 $132) 23... Rxe1+ 24. Rxe1 Rd8 25. Nf6+
Bxf6 26. gxf6 h5 $15 27. Na3 $2 (27. Bf4 $6 Nb4 $15) 27... Rd4 28. Bh6 $2 (28.
Bg5 $15) 28... Rxh4 29. Bg7 Kh7 30. Re8 Bf5 31. Nb5 $17 Rh2 32. Nd6 Nd4 33.
Rh8+ Kg6 34. Rh6+ Kg5 35. Nxf7+ Kf4 36. Ne5 Rxc2+ 37. Kd1 Ke3 $1 38. f7 (38.
Nxc4+ Rxc4 39. f7 Bg4+ $19) 38... Rd2+ 39. Ke1 (39. Kc1 Ne2#) 39... Re2+ 40.
Kf1 (40. Kd1 Bc2+ 41. Kc1 Re1#) 40... Rf2+ (40... Rf2+ 41. Ke1 (41. Kg1 Ne2+
42. Kh1 Be4+ $19) 41... Nc2+ 42. Kd1 Rf1# $19) 0-1

[Event "Prague Masters 2nd"]
[Site "Prague"]
[Date "2020.02.12"]
[Round "1"]
[White "Navara, David"]
[Black "Duda, Jan Krzysztof"]
[Result "0-1"]
[WhiteElo "2717"]
[BlackElo "2755"]
[Annotator "Duda,Jan Krzysztof"]
[PlyCount "72"]
[EventDate "2020.02.12"]
[EventType "tourn"]
[EventRounds "9"]
[EventCountry "CZE"]
[EventCategory "19"]
[SourceTitle "CBM 195"]
[Source "ChessBase"]
[SourceDate "2020.04.30"]
[SourceVersion "1"]
[SourceVersionDate "2020.04.30"]
[SourceQuality "1"]

{Before the game I wasn't happy with how the pairings went. I had chosen the
worst possible number, and was forced to play two first rounds with Black.
Seeing, however, how this game went, I'm not so sure if my fortune was that
bad :) But ok, let's get back to the game. I think I know David quite well. We
are playing the same Wasko Katowice team in the Polish extraleague, besides we
have played some games against each other. He is a highly civil and
well-mannered person, but not in his chess games! In chess he is known for his
calculating skills, massive memory, deep opening preparation and enormous
creativity. However, in the last period of time it seems as if creativity is
playing tricks on him sometimes. David is an universal player, mainly choosing
between 1.e4 and 1.d4. Obviously I was prepared for both, but spent 10% of my
time on 1.e4 and 90% on 1.d4. Guess which move was played?} 1. e4 c5 2. Nf3 d6
3. d4 cxd4 4. Nxd4 Nf6 5. Nc3 a6 6. h3 {Of course I checked at least 5
different options on move 6, but this one was quite probable. My games from
the Black side weren't very convincing, besides I got a difficult position in
one of our friendly blitz games at the closing ceremony of the Polish
extraleague. I wasn't naive enough to think he would forget about this game :)}
e6 7. g4 h6 {A novel set up for me, but I was going to play it on many
occasions.} 8. Bg2 Nc6 ({They usually start with} 8... Be7 {I wonder if this
makes any difference.}) 9. Be3 Be7 10. f4 Nd7 11. Nf3 $5 (11. O-O O-O 12. Nf3
$5 {is the most challenging continuation, and even though Black is okay with
accurate play, White has an attack in most of the cases, and it's very simple
to play for him. That's why I was going to take 11...Nxd4! However, David is
cutting this option once and for all.}) 11... g5 $5 {I had this move in my
notes, but I spent 20 minutes on it as I couldn't remember whether it was a
good or bad continuation for Black.} (11... b5 {is the main move, and was even
played by my opponent:} 12. Ne2 Bb7 13. Ng3 Rc8 14. O-O O-O 15. Qd2 Qc7 $13 {
with typical play for this variation 1/2 (37) Kulaots,K (2542)-Navara,D (2717)
Batumi 2019.}) 12. Ne2 {Initially computers are very optimistic about White's
chances, but I think they overestimate the typical positions after g5 in
general. For humans such positions are very unclear, with many alternatives on
basically every turn, and that's why we all love the Sicilian :)} (12. Qe2 {
is similar to 12.Qd2}) (12. Qd2 gxf4 13. Bxf4 Nce5 14. O-O-O b5 $13) (12. f5
Nce5 13. Qe2 b5 $13) 12... gxf4 13. Bxf4 $6 {This looks a bit illogical with
the combination of the previous move} (13. Nxf4 Qa5+ (13... Nc5 14. O-O $1 {
is the strong idea, not fearing to give away the e4-pawn.} Nxe4 15. Nd4 Nf6 16.
Nxc6 bxc6 17. Qf3 $16) 14. c3 Nde5 15. O-O Nc4 16. Bc1 Qc5+ (16... Qb6+ 17. Nd4
$5 {is the extra alternative.}) (16... Bd7 $5 $13) 17. Rf2 Ne3 18. Qe2 Nxg2 19.
Kxg2 Bd7 20. Be3 Qa5 21. a4 {Engines give a very huge edge for White here,
which is kind of surprising cause his position looks very shaky without his
light-squared bishop. I guess White is very fast on the queenside to make up
for it.}) 13... Nde5 $15 {the position is very bad for White in a practical
sense. He has to choose between many 'ugly' positions, and it's not so easy
for him to castle in a comfortable way. And every endgame is just better for
Black.} 14. Nxe5 (14. O-O h5 $1 {is huge for Black.}) (14. Qd2 Nxf3+ 15. Bxf3
Bh4+ {Black has many good options here.} (15... Ne5 16. Bg2 Bh4+ 17. Bg3 Bg5 {
is also good for Black.}) 16. Bg3 e5 (16... Qf6 17. O-O Bxg3 18. Nxg3 Qxb2 19.
e5 $13) 17. Rd1 h5 $132) 14... Nxe5 15. Ng3 $2 {This move surpised me. I
expected him to try to castle queenside. Obviously it can't be done easily,
without any consequences.} (15. Qd4 Qa5+ $5 (15... Ng6) 16. b4 (16. c3 Bd7) (
16. Bd2 Bh4+ 17. Kd1 Qc7 $36) 16... Qc7 17. O-O Bd7) (15. Qd2 Bh4+ 16. Bg3 Bg5
(16... Qg5 $5 17. Qxd6 h5 18. Qd2 Qxd2+ 19. Kxd2 Bxg3 20. Nxg3 hxg4 21. hxg4
Rg8 {with a comfortable endgame is also an option.}) 17. Bf4 {The most human.}
(17. Qd4 h5) (17. Nf4 Qb6) (17. Qb4 a5 18. Qd4 Ra6 {This is obviously a highly
computerish line, but the idea is to meet} 19. O-O {with} Qb6 $1 {and Black is
much better.}) 17... Bxf4 18. Nxf4 Qh4+ 19. Qf2 Qxf2+ 20. Kxf2 Ke7 $15 {
with a dream endgame.}) (15. O-O {is still no good because of} h5 $1) 15... Qb6
$1 16. Bxe5 {Perhaps it was better to try something else, but either way Black
is clearly superior.} (16. Qe2 Bg5 $1 {is almost a killer according to the
engine.} (16... Qxb2 17. O-O Bd7 {is also much better for Black.}) 17. Bxg5
Qxb2 18. O-O hxg5 19. Qe3 Qb5 $19 {and there is no way Black can't finish his
development.}) (16. Qd2 Nc4 17. Qd3 Qa5+ 18. Ke2 Nxb2 $17) 16... dxe5 $17 {
Now Black is just winning positionally, and White still can't castle.} 17. Qf3
Bg5 (17... Qa5+ 18. c3 Bd7 19. O-O Rf8 $17 {is much stronger according to the
engine, but the move played in the game is also not easy to cope with, and I'm
still not allowing him to castle. Besides going for the endgame can't be a bad
idea, can it?}) 18. h4 Qe3+ 19. Qxe3 Bxe3 20. Ke2 $6 {Paradoxically this is
the losing mistake. The centre looks as stable as never, but White's king is
soon going to become a target! The last chance was} (20. Rh3 Ke7 (20... Bb6 $1
{is far simpler, aiming to play Bd8 and keep White's rook tied to the h4-pawn.
But I'm not sure I would have noticed it.} 21. Nh5 Bd8 22. O-O-O Rg8 23. Bf3
Bd7 $17 {and White is agonizing.}) 21. Nh5 Ba7 22. Rf3 Rg8 23. Bh3 Rg6 24.
O-O-O {It's still bad for White, but at least now he has a clear target on f7,
he can also try to establish his knight on f6.} Bd7 25. Rxd7+ (25. Rdf1 Be8)
25... Kxd7 26. Rxf7+ Ke8 $1 {Very unnatural yet very strong.} (26... Kc6 27.
Nf6 Be3+ 28. Kd1 Rd8+ 29. Ke2 Bc1 30. g5 {is suddenly quite complicated:} hxg5
31. h5 Rh6 32. Bxe6 $132) 27. Rxb7 Be3+ 28. Kd1 Ra7 $17) 20... Ba7 21. Rad1 Bd7
22. Kf3 Ke7 $19 {Black is soon going to make threats on both sides, and White
will get overextended} 23. Rh2 Rhg8 24. Bh3 Ba4 {Creating some targets on the
queenside.} 25. Rhd2 (25. b3 Bc6 {and the new wave will come!}) 25... Rac8 26.
Bf1 Rg6 $1 {Planning either ...Rf6+ or ...Rcg8 with a potential ...f5.} 27. Nh5
Bd4 28. Bd3 Rcg8 29. Rg2 f5 $1 $19 {The killer.} 30. exf5 Bc6+ 31. Ke2 exf5 32.
Ng3 Bxg2 33. Nxf5+ Kf6 34. Nxd4 Rxg4 35. Nf5 e4 36. Nxh6 Bf3+ {A suprisingly
easy-looking win, and one more example of the saying that it never rains but
it pours!} 0-1

[Event "BL2-West 9899"]
[Site "Germany"]
[Date "1998.11.22"]
[Round "2.5"]
[White "Dueball, Juergen"]
[Black "Schulz, Klaus Juergen"]
[Result "1-0"]
[WhiteElo "2370"]
[BlackElo "2405"]
[Annotator "Dueball,J"]
[PlyCount "73"]
[EventDate "1998.10.??"]
[EventType "team-tourn"]
[EventRounds "9"]
[EventCountry "GER"]
[SourceTitle "GER-chT2"]
[Source "ChessBase"]
[SourceDate "1999.07.01"]
[SourceVersion "1"]
[SourceVersionDate "1999.07.01"]
[SourceQuality "1"]
[WhiteTeam "Solingen II"]
[BlackTeam "Andernach"]
[WhiteTeamCountry "GER"]
[BlackTeamCountry "GER"]

1. e4 c5 2. Nf3 e6 3. d4 cxd4 4. Nxd4 Nf6 5. Nc3 d6 6. g4 h6 7. h4 Be7 8. Qf3
$5 {Ljubojevic, Dueball} Nc6 (8... Nfd7 {siehe Dueball-Blaskowski, Bundesliga2
West 1988.} 9. Qg3) (8... h5 {siehe Dueball-Morawietz, Bundesliga 1989.}) 9.
Bb5 Bd7 10. Bxc6 bxc6 (10... Bxc6 $6 11. g5 Nd7 12. gxh6 Ne5 13. Qg3 gxh6 14.
Bf4 Nc4 15. Nxc6 bxc6 16. b3 Ne5 17. O-O-O Bf6 18. Bxe5 Bxe5 19. f4 Bxc3 20.
Qxc3 Ke7 21. e5 $1 $18 {Ljubojevic-Timman,Tilburg 1985 (1:0 34).}) 11. g5 hxg5
12. Bxg5 $2 $146 ({Richtig ist} 12. hxg5 {siehe Dueball-Dambacher, KNSB2 1996.}
) 12... c5 13. Nde2 Bc6 14. O-O-O Rb8 15. Ng3 Qb6 16. b3 Qa5 17. Rhe1 c4 18.
Re3 $2 (18. Kb1 $142) 18... Nd7 $1 19. Bxe7 Ne5 $1 $19 20. Qe2 Kxe7 21. Kb1 (
21. f4 Nd3+ $1) 21... Rxh4 22. f4 $6 Rxf4 23. Nd5+ Bxd5 24. exd5 cxb3 (24... c3
$1 $19) 25. cxb3 Qb5 26. Rxe5 $5 dxe5 27. Qxe5 Rf3 28. Ka1 Rf2 29. Qe3 Qb6 30.
Qc3 Kf8 31. dxe6 fxe6 32. Ne4 Rf4 33. Nc5 Kg8 34. Nd7 Qb4 35. Qe5 Rb5 $2 {
Zeitnot} (35... Re8 $8 $19) 36. Qxe6+ Kh7 $2 (36... Rf7 $8 37. Qe8+ Rf8 38.
Nxf8 Qc3+ 39. Kb1 Rxb3+ $1 $11) 37. Nf8+ $3 $18 1-0